Study Guide to Accompany Marketing

Salvato in:
Dettagli Bibliografici
Autore principale: Michaels, Erica S.
Natura: Libro
Lingua:inglese
Pubblicazione: Homewood Irwin 1989
Edizione:2. ed.
Soggetti:
Tags: Aggiungi Tag
Nessun Tag, puoi essere il primo ad aggiungerne!!

MARC

LEADER 00000nam a2200000 4500
001 c000319
005 20221215114514.0
020 |a 0-256-07514-X 
041 0 |a eng 
044 |a US 
245 1 0 |a Study Guide to Accompany Marketing  |c Erica S. Michaels 
250 |a 2. ed. 
264 1 |a Homewood  |b Irwin  |c 1989 
300 |a Prer. s. 
610 2 0 |a marketing 
610 2 0 |a trh 
610 2 0 |a spotrebitelia 
610 2 0 |a správanie 
610 2 0 |a informácie 
610 2 0 |a vývoj výrobku 
610 2 0 |a tvorba cien 
610 2 0 |a predaj 
610 2 0 |a reklama 
610 2 0 |a manažment 
610 2 0 |a riadenie strategické 
610 2 0 |a trh medzinárodný 
100 1 |a Michaels, Erica S.